Foreign trade of rubber products in India (1971-72 to 1992-93): An exploratory analysis (Record no. 52686)

MARC details
000 -LEADER
fixed length control field 00701nam a2200169Ia 4500
100 ## - MAIN ENTRY--AUTHOR NAME
Personal name Mohanakumar S.
245 #0 - TITLE STATEMENT
Title Foreign trade of rubber products in India (1971-72 to 1992-93): An exploratory analysis
260 ## - PUBLICATION, DISTRIBUTION, ETC. (IMPRINT)
Name of publisher Placrosym XI, 1994, Calicut, India. Journal of Plantation Crops, 24(Supplement)(Eds. K.V. Peter, Y.R. Sarma, V. Rajagopal, K.V. Ramana, S. Devasahayam and K.S. Krishnamurthy). Indian Society for Plantation Crops, Kasaragod, India, pp. 832-839.
Year of publication 1996
650 ## - SUBJECT ADDED ENTRY--TOPICAL TERM
Topical Term Export
650 ## - SUBJECT ADDED ENTRY--TOPICAL TERM
Topical Term Foreign trade
650 ## - SUBJECT ADDED ENTRY--TOPICAL TERM
Topical Term Import
650 ## - SUBJECT ADDED ENTRY--TOPICAL TERM
Topical Term Rubber product industry
700 ## - ADDED ENTRY--PERSONAL NAME
Personal name George K.T.
700 ## - ADDED ENTRY--PERSONAL NAME
Personal name Joseph T.[a]
942 ## - ADDED ENTRY ELEMENTS (KOHA)
Koha item type Bibliography STAF
Holdings
Withdrawn status Lost status Damaged status Not for loan Home library Current library Date acquired Koha item type
      Bibliography RRII Library RRII Library 09/04/2014 Bibliography STAF